Super Smash Bros 64 Special Moves - Statistics

General Stats
  • This quiz has been taken 6 times
  • The average score is 25 of 36
Answer Stats
Hint Answer % Correct
Link Bomb
100%
Samus Bomb
100%
Captain Falcon Falcon Kick
100%
Captain Falcon Falcon Punch
100%
Luigi Fireball
100%
Mario Fireball
100%
Yoshi Yoshi Bomb
100%
Link Boomerang
80%
Yoshi Egg Lay
80%
Yoshi Egg Throw
80%
Ness PK Fire
80%
Ness PK Thunder
80%
Ness PSI Magnet
80%
Samus Screw Attack
80%
Kirby Stone
80%
Kirby Swallow
80%
Pikachu Thunder
80%
Fox Blaster Shot
60%
Samus Charge Shot
60%
Captain Falcon Falcon Dive
60%
Kirby Final Cutter
60%
Fox Fire Fox
60%
Luigi Luigi Tornado
60%
Mario Mario Tornado
60%
Jigglypuff Pound
60%
Pikachu Quick Attack
60%
Fox Reflector
60%
Jigglypuff Rest
60%
Jigglypuff Sing
60%
Pikachu Thunder Jolt
60%
DK Giant Punch
40%
DK Hand Slap
40%
Link Spin Attack
40%
DK Spinning Kong
40%
Luigi Super Jump Punch
40%
Mario Super Jump Punch
40%
No matching quizzes found
Score Distribution
Percent of People with Each Score
Percentile by Number Answered
Your Score History
You have not taken this quiz